000 00609nam a2200229Ia 4500
005 20260429111901.0
008 260429s9999||||xx |||||||||||||| ||und||
020 _a9789357460835
041 _aEnglish
082 _a530
_bWAL
100 _aWalker, Jearl
245 0 _aHalliday and Resnick principles of physics /
_cJearl Walker
250 _a12th ed.
260 _aNew Delhi :
_bWiley India Pvt.Ltd,
_c2025.
300 _axxii, 1368 p.; pbk
650 _a Electromagnetism
650 _a General physics
650 _a Mechanics
650 _a Thermodynamics
650 _aPhysics
942 _cTB
999 _c51266
_d51266